「え」から始まる市区町村 - Statistics

General Stats
  • This quiz has been taken 677 times
  • The average score is 12 of 15
Answer Stats
Answer Hint % Correct
越前市 福井県
90%
江戸川区 東京都
90%
海老名市 神奈川県
89%
江差町 北海道 檜山郡
86%
枝幸町 北海道 枝幸郡
85%
江別市 北海道
85%
恵那市 岐阜県
83%
越前町 福井県 丹生郡
82%
江田島市 広島県
80%
恵庭市 北海道
80%
えびの市 宮崎県
79%
遠軽町 北海道 紋別郡
74%
えりも町 北海道 幌泉郡
69%
遠別町 北海道 天塩郡
69%
永平寺町 福井県 吉田郡
67%
No matching quizzes found
Score Distribution
Percent of People with Each Score
Percentile by Number Answered
Your Score History
You have not taken this quiz